000 00653nam a22002297a 4500
003 UA-OsUOA
001 78083
007 ta
008 20110929b un ||||| |||| 00| 0 ukr d
090 _a821.161.2
_bК47
942 _cBK
040 _aUA-OsUOA
_brus
_cUA-OsUOA
_dUA-OsUOA
245 _aКлассический английский авантюрно-исторический роман
300 _a320 с.
955 _a2
041 _arus
080 _a821.161.2
020 _a5-86558-007-8
260 _aМ.
_bКРИМ-ПРЕСС
_c2010
650 7 _a82 Література. Літературознавство
_2UDC
999 _c364394
_d364394